Communes of Guadeloupe - Statistics

General Stats
  • This quiz has been taken 36 times
  • The average score is 19 of 32
Answer Stats
Answer % Correct
Basse-Terre
85%
Saint-François
85%
Sainte-Anne
80%
Baie-Mahault
75%
Bouillante
75%
Sainte-Rose
75%
Goyave
70%
Lamentin
70%
Le Gosier
70%
Le Moule
70%
Pointe-à-Pitre
70%
Vieux-Habitants
70%
Anse-Bertrand
65%
Capesterre-Belle-Eau
65%
Les Abymes
65%
Morne-à-l'Eau
65%
Petit-Bourg
65%
Pointe-Noire
65%
Saint-Claude
65%
Deshaies
60%
Petit-Canal
60%
Port-Louis
60%
Trois-Rivières
60%
Gourbeyre
50%
Vieux-Fort
40%
Baillif
35%
Terre-de-Haut
35%
Terre-de-Bas
30%
Capesterre-de-Marie-Galante
25%
Grand-Bourg
25%
Saint-Louis
25%
Le Désirade
10%
No matching quizzes found
Score Distribution
Percent of People with Each Score
Percentile by Number Answered
Your Score History
You have not taken this quiz